Passport to Russian (Record no. 5055)

MARC details
000 -CABECERA
campo de control de longitud fija 01247nam a22002417a 4500
008 - DATOS DE LONGITUD FIJA--INFORMACIÓN GENERAL
campo de control de longitud fija 251017b |||||||| |||| 00| 0 eng d
020 ## - NÚMERO INTERNACIONAL ESTÁNDAR DEL LIBRO
Número Internacional Estándar del Libro 9780451172006
040 ## - FUENTE DE LA CATALOGACIÓN
Centro/agencia transcriptor tbs
041 ## - CÓDIGO DE LENGUA
Código de lengua del texto/banda sonora o título independiente rus
041 ## - CÓDIGO DE LENGUA
Código de lengua del texto/banda sonora o título independiente eng
050 ## - SIGNATURA TOPOGRÁFICA DE LA BIBLIOTECA DEL CONGRESO
Número de clasificación PG2121.B36
Número de documento/Ítem 1992
100 ## - ENTRADA PRINCIPAL--NOMBRE DE PERSONA
Nombre de persona Berlitz, Charles
9 (RLIN) 21596
Término indicativo de función/relación author
245 ## - MENCIÓN DE TÍTULO
Título Passport to Russian
Mención de responsabilidad, etc. / Charles Berlitz ; with the collaboration of Marina Igorevna Petrova.
260 ## - PUBLICACIÓN, DISTRIBUCIÓN, ETC.
Lugar de publicación, distribución, etc. New York, NY :
Nombre del editor, distribuidor, etc. Penguin Group,
Fecha de publicación, distribución, etc. 1992.
300 ## - DESCRIPCIÓN FÍSICA
Extensión 189 pages :
Dimensiones 17 cm.
490 ## - MENCIÓN DE SERIE
Mención de serie Berlitz travel companions
520 ## - SUMARIO, ETC.
Sumario, etc. This unique guide to the Russian language emphasizes development of accent, vocabulary, and communication for every situation, includes a dictionary of over 1,400 terms, plus a special “Point to the Answer” section which allows non-English-speaking Russians to merely point to the information needed.<br/><br/>• Organized by topic for easy reference. <br/>• Includes a phonetic dictionary. <br/>• Instant accent, instant vocabulary.
650 #0 - PUNTO DE ACCESO ADICIONAL DE MATERIA--TÉRMINO DE MATERIA
Término de materia o nombre geográfico como elemento de entrada Russian language
Subdivisión de forma Conversation and phrase books
Subdivisión general English
9 (RLIN) 26181
650 #0 - PUNTO DE ACCESO ADICIONAL DE MATERIA--TÉRMINO DE MATERIA
Término de materia o nombre geográfico como elemento de entrada Russian language
Subdivisión general Study and teaching
9 (RLIN) 26182
650 #0 - PUNTO DE ACCESO ADICIONAL DE MATERIA--TÉRMINO DE MATERIA
Término de materia o nombre geográfico como elemento de entrada Russian language
Subdivisión de forma Self-instruction
9 (RLIN) 26183
700 ## - ENTRADA AGREGADA--NOMBRE PERSONAL
Nombre de persona Petrova, Marina Igorevna
9 (RLIN) 26184
Término indicativo de función/relación collaborator
942 ## - ELEMENTOS DE ENTRADA AGREGADA (KOHA)
Fuente del sistema de clasificación o colocación Clasificación de Library of Congress
Holdings
Estado de retiro Estado de pérdida Fuente del sistema de clasificación o colocación Estado dañado No para préstamo Biblioteca de origen Biblioteca actual Fecha de adquisición Total de préstamos Signatura topográfica completa Código de barras Fecha visto por última vez Número de copia Precio válido a partir de Tipo de ítem Koha
    Clasificación de Library of Congress     TBS Barcelona TBS Barcelona 17/10/2025   P-RU LEARN BER B07700 17/10/2025 1 17/10/2025 Teach Yourself Russian

Powered by Koha